000 01400cam a2200361 a 4500
001 EDZ0000064243
003 StDuBDS
005 20161031105149.0
006 m||||||||d||||||||
007 cr |||||||||||
008 120327s2002 enk fo| 001|0|eng d
020 _a9781446216231 (ebook) :
_cNo price
040 _aStDuBDS
_beng
_cStDuBDS
_epn
049 _aAlfaisal Main Library
050 0 _aJC311
_b.S623 2002
082 0 4 _a320.54
_223
100 1 _aSpencer, Philip.
245 1 0 _aNationalism
_h[electronic resource] :
_ba critical introduction /
_cPhilip Spencer and Howard Wollman.
260 _aLondon :
_bSAGE,
_cc2002.
300 _a1 online resource (viii, 238 p.)
504 _aIncludes bibliographical references and index.
520 8 _aSpencer and Wollman seek to challenge fixed notions of national identity, ethnicity and culture to more fully explore and understand the contemporary complexities of citizenship and the genuine potential for a cosmopolitan democracy.
521 _aSpecialized.
588 _aDescription based on print version record.
650 0 _aNationalism.
650 0 _aEthnicity.
655 7 _aElectronic books.
_2local
700 1 _aWollman, Howard.
710 2 _aSage eBooks
776 0 8 _iPrint version :
_z9780761947219
856 4 0 _uhttp://ezproxy.alfaisal.edu/login?url=http://sk.sagepub.com/books/nationalism
942 _2lcc
_cEBOOKS
999 _c480723
_d480723